Sufragio y participación política de los extranjeros extracomunitarios en Europa / editores: David Moya Malapeira, Alba Viñas Ferrer David Moya Malapeira, Alba Viñas Ferrer
ISBN:
978-84-95417-91-6
Descripción Física:
557 p. : il., gràfics, taules ; 24 cm
MARC
| LEADER | 00000nam a2200000Ia 4500 | ||
|---|---|---|---|
| 001 | 23066 | ||
| 008 | 160829s2010 xx 000 0 cat d | ||
| 020 | |a 978-84-95417-91-6 | ||
| 080 | |a M-6-388 | ||
| 245 | |a Sufragio y participación política de los extranjeros extracomunitarios en Europa / editores: |b David Moya Malapeira, Alba Viñas Ferrer | ||
| 260 | |a Barcelona : |b Fundació Carles Pi i Sunyer, |c 2010 | ||
| 300 | |a 557 p. : |b il., gràfics, taules ; |c 24 cm | ||
| 590 | |a Bibliografia | ||
| 650 | |a Immigrants |x Activitat política |x Europa |9 39984 | ||
| 650 | |a Immigrants |x Sufragi |x Unió Europea, Països de la |9 39985 | ||
| 650 | |a Europa |x Emigració i immigració |x Política governamental |9 39986 | ||
| 700 | |a Moya, David, ed. |9 39987 |e editor | ||
| 700 | 1 | |a Viñas Ferrer, Alba |e editora |9 45600 | |
| 710 | 1 | |a Fundació Carles Pi i Sunyer d'Estudis Autonòmics i Locals |9 52753 | |
| 901 | |a Arxiu | ||
| 942 | |n 1 |2 udc | ||
| 952 | |0 0 |1 0 |4 0 |6 M6388 |7 1 |9 49331 |a Arxiu |b Arxiu |d 2016-12-01 |l 0 |o M-6-388 |p 23066 |r 2016-12-01 00:00:00 |w 2016-12-01 |y ARXIU | ||
| 999 | |c 53173 |d 53173 | ||